| 000 | 00395nam a22001577a 4500 | ||
|---|---|---|---|
| 005 | 20260306052642.0 | ||
| 008 | 240911b |||||||| |||| 00| 0 eng d | ||
| 082 | _a813.54 | ||
| 100 | _aJamtsho Thinley | ||
| 245 | _aThe Chase | ||
| 250 | _a2nd ed. | ||
| 260 |
_aThimphu : _bP.T Printing and Publishing House, _c2024. |
||
| 300 |
_a182 p.; _c18 Cm. |
||
| 942 |
_2ddc _cFIC |
||
| 999 |
_c10018 _d10019 |
||